000 00279nam a22001337a 4500
008 181101b xxu||||| |||| 00| 0 eng d
020 _arn4012j
041 _aeng
080 _a616.12
100 _a7
101 _aKARD
245 _aThe Basics
_cArikian,V.P
942 _2udc
_cBK
999 _c51413
_d51413